19. Internationales Ost - West - Handels - Fachseminar 17. bis. 21.3.1986 : Bad Ischl : Kurthotel, Österreichs
Saved in:
| Format: | Book |
|---|---|
| Language: | German |
| Published: |
Linz
Gesellschaft für Ost- und Südostkunde
1986
|
| Tags: |
No Tags, Be the first to tag this record!
|
MARC
| LEADER | 00000nam a2200000 4500 | ||
|---|---|---|---|
| 001 | c104799 | ||
| 005 | 20171213150750.4 | ||
| 041 | 0 | |a ger | |
| 044 | |a AT | ||
| 245 | 1 | 0 | |a 19. Internationales Ost - West - Handels - Fachseminar |b 17. bis. 21.3.1986 : Bad Ischl : Kurthotel, Österreichs |
| 264 | 1 | |a Linz |b Gesellschaft für Ost- und Südostkunde |c 1986 | |
| 300 | |a 279 s. | ||